Dynamic response of pile foundations, analytical aspects : (Record no. 549977)
[ view plain ]
| 000 -LEADER | |
|---|---|
| fixed length control field | 00808nam a2200181 i 4500 |
| 020 ## - INTERNATIONAL STANDARD BOOK NUMBER | |
| International Standard Book Number | 0872622576 (pbk.) |
| 082 00 - DEWEY DECIMAL CLASSIFICATION NUMBER | |
| Classification number | 624.154 |
| Author Mark | DYN |
| -- | L-39, P-189 |
| 245 00 - TITLE STATEMENT | |
| Title | Dynamic response of pile foundations, analytical aspects : |
| Remainder of title | proceedings of a session / |
| Statement of responsibility, etc. | sponsored by the Geotechnical Engineering Division at the ASCE national convention, October 30, 1980 ; Michael W. O'Neill and Ricardo Dobry, editors. |
| 260 ## - PUBLICATION, DISTRIBUTION, ETC. | |
| Place of publication, distribution, etc. | New York, N.Y. : |
| Name of publisher, distributor, etc. | American Society of Civil Engineers, |
| Date of publication, distribution, etc. | c1980. |
| 300 ## - PHYSICAL DESCRIPTION | |
| Extent | v, 112 p. : |
| Other physical details | ill. ; |
| Dimensions | 22 cm. |
| 526 ## - STUDY PROGRAM INFORMATION NOTE | |
| Program name | 0 |
| Interest level | 0 |
| Reading level | 0 |
| Title point value | 624_154000000000000_DYN |
| 650 #0 - SUBJECT ADDED ENTRY--TOPICAL TERM | |
| Topical term or geographic name entry element | MCE |
| 9 (RLIN) | 379 |
| 650 #0 - SUBJECT ADDED ENTRY--TOPICAL TERM | |
| Topical term or geographic name entry element | Piling (Civil engineering) |
| General subdivision | Testing. |
| 9 (RLIN) | 37751 |
| 700 1# - ADDED ENTRY--PERSONAL NAME | |
| Personal name | Dobry, Ricardo. |
| 9 (RLIN) | 46711 |
| 700 1# - ADDED ENTRY--PERSONAL NAME | |
| Personal name | O'Neill, Michael W. |
| 9 (RLIN) | 46712 |
| 710 2# - ADDED ENTRY--CORPORATE NAME | |
| Corporate name or jurisdiction name as entry element | American Society of Civil Engineers. |
| 9 (RLIN) | 702 |
| 942 ## - ADDED ENTRY ELEMENTS (KOHA) | |
| Source of classification or shelving scheme | |
| Koha item type | Book |
| Withdrawn status | Lost status | Source of classification or shelving scheme | Damaged status | Not for loan | Permanent Location | Current Location | Date acquired | Total Checkouts | Full call number | Barcode | Date last seen | Price effective from | Koha item type |
|---|---|---|---|---|---|---|---|---|---|---|---|---|---|
| Military College of Engineering (MCE) | Military College of Engineering (MCE) | 10/17/2014 | 624.154 DYN | MCE-43521 | 10/17/2014 | 10/17/2014 | Book |
